<?xml version="1.0" encoding="UTF-8"?>
<record
    xmlns:xsi="http://www.w3.org/2001/XMLSchema-instance"
    xsi:schemaLocation="http://www.loc.gov/MARC21/slim http://www.loc.gov/standards/marcxml/schema/MARC21slim.xsd"
    xmlns="http://www.loc.gov/MARC21/slim">

  <leader>01280nam a22002177a 4500</leader>
  <datafield tag="952" ind1=" " ind2=" ">
    <subfield code="0">0</subfield>
    <subfield code="1">0</subfield>
    <subfield code="2">lcc</subfield>
    <subfield code="4">0</subfield>
    <subfield code="7">0</subfield>
    <subfield code="a">21</subfield>
    <subfield code="b">21</subfield>
    <subfield code="d">2019-01-10</subfield>
    <subfield code="l">1</subfield>
    <subfield code="o">QA303 S7418 2018</subfield>
    <subfield code="p">21 003934</subfield>
    <subfield code="r">2019-10-30</subfield>
    <subfield code="s">2019-10-30</subfield>
    <subfield code="t">1</subfield>
    <subfield code="w">2019-01-10</subfield>
    <subfield code="y">LB</subfield>
  </datafield>
  <datafield tag="952" ind1=" " ind2=" ">
    <subfield code="0">0</subfield>
    <subfield code="1">0</subfield>
    <subfield code="2">lcc</subfield>
    <subfield code="4">0</subfield>
    <subfield code="7">0</subfield>
    <subfield code="a">21</subfield>
    <subfield code="b">21</subfield>
    <subfield code="d">2019-01-10</subfield>
    <subfield code="l">0</subfield>
    <subfield code="o">QA303 S7418 2018</subfield>
    <subfield code="p">21 003935</subfield>
    <subfield code="r">2019-01-10</subfield>
    <subfield code="t">2</subfield>
    <subfield code="w">2019-01-10</subfield>
    <subfield code="y">LB</subfield>
  </datafield>
  <datafield tag="999" ind1=" " ind2=" ">
    <subfield code="c">103753</subfield>
    <subfield code="d">103753</subfield>
  </datafield>
  <controlfield tag="008">170619s2018    mx a|||| |||| 00| 0 spa d</controlfield>
  <datafield tag="020" ind1=" " ind2=" ">
    <subfield code="a">9786075265506</subfield>
  </datafield>
  <datafield tag="050" ind1="0" ind2="4">
    <subfield code="a">QA303</subfield>
    <subfield code="b">S7418 2018</subfield>
  </datafield>
  <datafield tag="100" ind1="1" ind2="0">
    <subfield code="a">Stewart, James</subfield>
    <subfield code="e">autor</subfield>
  </datafield>
  <datafield tag="245" ind1="1" ind2="0">
    <subfield code="a">C&#xE1;lculo de una variable</subfield>
    <subfield code="b"> : Trascendentes tempranas</subfield>
    <subfield code="c">/ James Stewart ; traducion Ana Elizabeth Garc&#xED;a Hern&#xE1;ndez, Enrique C. Mercado Gonz&#xE1;lez</subfield>
  </datafield>
  <datafield tag="250" ind1=" " ind2=" ">
    <subfield code="a">8a. edici&#xF3;n</subfield>
  </datafield>
  <datafield tag="260" ind1=" " ind2=" ">
    <subfield code="a">M&#xE9;xico</subfield>
    <subfield code="b"> : Cenange</subfield>
    <subfield code="c">, 2018</subfield>
  </datafield>
  <datafield tag="300" ind1=" " ind2=" ">
    <subfield code="a">xxxi, 790 p&#xE1;ginas</subfield>
    <subfield code="b">: ilustraciones</subfield>
    <subfield code="c">: 27 cm.</subfield>
  </datafield>
  <datafield tag="505" ind1=" " ind2=" ">
    <subfield code="a">1 Funciones y modelos.  2 L&#xED;mites y derivadas. 3 Reglas de derivaci&#xF3;n. 4 Aplicaciones de la derivada. 5 Integrales. 6 Aplicaciones de la integraci&#xF3;n. 7 T&#xE9;cnicas de integraci&#xF3;n. 8 Aplicaciones adicionales de la integraci&#xF3;n. 9 Ecuaciones diferenciales. 10 Ecuaciones param&#xE9;tricas y coordenadas polares. 11 Sucesiones y series infinitas.</subfield>
  </datafield>
  <datafield tag="519" ind1=" " ind2=" ">
    <subfield code="a">Plan UNAM / </subfield>
    <subfield code="b">Colegio de Ciencias y Humanidades / </subfield>
    <subfield code="c">C&#xE1;lculo diferencial e integral (1601) / </subfield>
    <subfield code="d">(21 003934, 21 003935)</subfield>
  </datafield>
  <datafield tag="650" ind1=" " ind2="0">
    <subfield code="a">C&#xC1;LCULO</subfield>
  </datafield>
  <datafield tag="700" ind1=" " ind2=" ">
    <subfield code="a">Garc&#xED;a Hern&#xE1;ndez Ana Elizabeth</subfield>
    <subfield code="e">, traductora</subfield>
  </datafield>
  <datafield tag="700" ind1=" " ind2=" ">
    <subfield code="a">Mercado Gonz&#xE1;lez, Enrique </subfield>
    <subfield code="e">, tradutor</subfield>
  </datafield>
  <datafield tag="942" ind1=" " ind2=" ">
    <subfield code="c">LB</subfield>
    <subfield code="2">lcc</subfield>
  </datafield>
</record>
